François Pignon ou François Perrin ? - Statistiques

Statistiques générales
  • Ce quiz a été pris 14 fois
  • Le résultat moyen est 9 sur 13
Statistiques - réponses
Hint Extra Hint Réponse % Correct
Le Dîner de Cons Jacques Villeret François Pignon
100%
Le Jouet Pierre Richard François Perrin
79%
Le Retour du Grand Blond Pierre Richard François Perrin
71%
Cause toujours... tu m'intéresses ! Jean-Pierre Marielle François Perrin
71%
Le Jaguar Patrick Bruel François Perrin
71%
L'Emmerdeur Jacques Brel / Patrick Timsit François Pignon
71%
Le Placard Daniel Auteuil François Pignon
71%
Le Grand Blond avec une chaussure noire Pierre Richard François Perrin
64%
Les Compères Pierre Richard François Pignon
64%
Coup de tête Patrick Dewaere François Perrin
57%
La Doublure Gad Elmaleh François Pignon
50%
Les Fugitifs Pierre Richard François Pignon
43%
La Chèvre Pierre Richard François Perrin
36%
Aucun quiz correspondant
Distribution des résultats
% des personnes avec chaque résultat
Percentile par nombre de réponses
Votre historique - résultats
Vous n’avez pas pris ce quiz